<?xml version="1.0" encoding="UTF-8"?>
<record
    xmlns:xsi="http://www.w3.org/2001/XMLSchema-instance"
    xsi:schemaLocation="http://www.loc.gov/MARC21/slim http://www.loc.gov/standards/marcxml/schema/MARC21slim.xsd"
    xmlns="http://www.loc.gov/MARC21/slim">

  <leader>01184nam a22001457a 4500</leader>
  <datafield tag="999" ind1=" " ind2=" ">
    <subfield code="c">528861</subfield>
    <subfield code="d">528861</subfield>
  </datafield>
  <controlfield tag="008">250128b           ||||| |||| 00| 0 eng d</controlfield>
  <datafield tag="100" ind1=" " ind2=" ">
    <subfield code="a">Gallardo, Lucille, et al </subfield>
    <subfield code="9">50404</subfield>
  </datafield>
  <datafield tag="245" ind1=" " ind2=" ">
    <subfield code="a"> Private consulting firms&#x2019; intervention in public health policymaking: An exploratory review</subfield>
  </datafield>
  <datafield tag="260" ind1=" " ind2=" ">
    <subfield code="a">International Review of Administrative Sciences  </subfield>
  </datafield>
  <datafield tag="300" ind1=" " ind2=" ">
    <subfield code="a">90(4), Dec, 2024: p.885-903</subfield>
  </datafield>
  <datafield tag="520" ind1=" " ind2=" ">
    <subfield code="a">While there is ample research in the social sciences on the role of private consulting firms in public policy, there is little information about their intervention in managing public health crises and epidemics. The COVID-19 pandemic revealed how much public administrations across the globe have been using these firms. The purpose of this exploratory review of the scientific literature is to identify research on the involvement of these firms in governing epidemics and health crises since 2000.- Reproduced 

https://journals.sagepub.com/doi/abs/10.1177/0020852324124
</subfield>
  </datafield>
  <datafield tag="650" ind1=" " ind2=" ">
    <subfield code="a">Consulting firms, Consultancy, Public policy, Epidemics, Health, Public administration, Policymaking. </subfield>
    <subfield code="9">50405</subfield>
  </datafield>
  <datafield tag="773" ind1=" " ind2=" ">
    <subfield code="a">International Review of Administrative Sciences  </subfield>
  </datafield>
  <datafield tag="942" ind1=" " ind2=" ">
    <subfield code="c">AR</subfield>
  </datafield>
  <datafield tag="952" ind1=" " ind2=" ">
    <subfield code="0">0</subfield>
    <subfield code="1">0</subfield>
    <subfield code="2">ddc</subfield>
    <subfield code="4">0</subfield>
    <subfield code="7">0</subfield>
    <subfield code="9">403954</subfield>
    <subfield code="a">IIPA</subfield>
    <subfield code="b">IIPA</subfield>
    <subfield code="d">2025-01-28</subfield>
    <subfield code="h">90(4), Dec, 2024: p.885-903</subfield>
    <subfield code="p">AR135055</subfield>
    <subfield code="r">2025-01-28</subfield>
    <subfield code="y">AR</subfield>
  </datafield>
</record>
